Latex films as temporary protective coatings for metal surfaces (Record no. 62016)

MARC details
000 -LEADER
fixed length control field 00326nam a2200121Ia 4500
100 ## - MAIN ENTRY--AUTHOR NAME
Personal name Taylor J A
245 #0 - TITLE STATEMENT
Title Latex films as temporary protective coatings for metal surfaces
260 ## - PUBLICATION, DISTRIBUTION, ETC. (IMPRINT)
Name of publisher Rubber Developments
Year of publication 1950
300 ## - PHYSICAL DESCRIPTION
Number of Pages 39-40
650 ## - SUBJECT ADDED ENTRY--TOPICAL TERM
Topical Term Latex films
942 ## - ADDED ENTRY ELEMENTS (KOHA)
Koha item type Journals
Holdings
Withdrawn status Lost status Damaged status Not for loan Home library Current library Shelving location Date acquired Serial Enumeration / chronology Koha item type
      Journals RRII Library RRII Library Rubber chemistry 17/12/2021 Volume 3, Issue Journals